000
00289nam a2200121Ia 4500
005
20251222152607.0
008
251222s9999||||xx |||||||||||||| ||spa||
082
_a
468/R47
100
_a
Reyes, Graciela
245
0
_a
Como Escribir Bien en EspaƱol
264
_b
Arco libros
942
_c
LIB
999
_c
26843
_d
26843